Normal view
MARC view
- الترباني، ابو تركي شريف بن سليمان بن صباح ابو بكرة الجخيدبي
Entry Personal Name
001 - CONTROL NUMBER
- control field: 19166
003 - CONTROL NUMBER IDENTIFIER
- control field: JO-AjAnu
005 - DATE AND TIME OF LATEST TRANSACTION
- control field: 20230606073343.0
008 - FIXED-LENGTH DATA ELEMENTS
- fixed length control field: 230606|| aca||aabn | a|a d
040 ## - CATALOGING SOURCE
- Original cataloging agency: JO-AjAnu
- Transcribing agency: JO-AjAnu
100 ## - HEADING--PERSONAL NAME
- Personal name: الترباني، ابو تركي شريف بن سليمان بن صباح ابو بكرة الجخيدبي
670 ## - SOURCE DATA FOUND
- Source citation: Work cat.: (JO-AjAnu)9836: الترباني، ابو تركي شريف بن سليمان بن صباح ابو بكرة الجخيدبي, author, ذكر قبيلة الترابين في وثائق دير سانت كاترين